000 00458nam a2200181Ia 4500
001 7069
003 IN-NITTTR
005 20251114233025.0
008 251113s9999||||xx |||||||||||||| ||eng||
040 _beng
040 _cIN-NITTTR
041 _aeng
082 _a621.4837 C813R
100 _aCorliss, William R.
245 0 _aRadiosotopic power generation /
_cCorliss, William R., Harvey, Douglas G.
700 _a Harvey, Douglas G.
942 _2ddc
_cBK
999 _c9707
_d9707